00372nam a22001457a 4500020001800000082001600018100001800034245004500052260003200097300001000129650002500139650002200164650002500186650001500211 a9789354820823 aM803bDIV/K aDivya S. Iyer aKaiyoppitta vazhikal /cby Divya S. Iyer aKottayam:bDC Books,c2025. a133p. aMemoirs Divya S.Iyer aMemoirs Malayalam aLiterature Malayalam aLiterature